Investičný manažment praktikum
Salvato in:
| Autore principale: | |
|---|---|
| Altri autori: | , |
| Natura: | Libro |
| Lingua: | slovacco |
| Pubblicazione: |
Žilina
Žilinská univerzita v Žiline, EDIS-vydavateľstvo UNIZA
2022
|
| Edizione: | 1. vydanie |
| Soggetti: | |
| Tags: |
Nessun Tag, puoi essere il primo ad aggiungerne!!
|
MARC
| LEADER | 00000nam a2200000 4500 | ||
|---|---|---|---|
| 001 | 0305133 | ||
| 005 | 20250211105002.6 | ||
| 020 | |a 978-80-554-1922-0 | ||
| 041 | 0 | |a slo | |
| 044 | |a SK | ||
| 245 | 1 | 0 | |a Investičný manažment |b praktikum |c Lucia Michalková, Katarína Zvaríková, Katarína Frajtová - Michalíková |
| 250 | |a 1. vydanie | ||
| 264 | 1 | |a Žilina |b Žilinská univerzita v Žiline, EDIS-vydavateľstvo UNIZA |c 2022 | |
| 300 | |a 142 s. | ||
| 610 | 2 | 0 | |a investície |
| 610 | 2 | 0 | |a teória portfólia |
| 610 | 2 | 0 | |a aktíva |
| 610 | 2 | 0 | |a oceňovanie |
| 100 | 1 | |a Michalková, Lucia | |
| 700 | 1 | |a Zvaríková, Katarína | |
| 700 | 1 | |a Frajtová - Michalíková, Katarína | |